[Catedral de Tarragona (Record no. 85800)

MARC details
000 -LEADER
campo de control de longitud fija 01021nkm a22002297a 4500
001 - NÚMERO DE CONTROL
campo de control 85800
005 - FECHA Y HORA DE LA ÚLTIMA TRANSACCIÓN
campo de control 20260416170832.0
007 - CAMPO FIJO DE DESCRIPCIÓN FÍSICA--INFORMACIÓN GENERAL
campo de control de longitud fija kh boc
008 - DATOS DE LONGITUD FIJA--INFORMACIÓN GENERAL
campo de control de longitud fija 260414s1900 sp ||||| |||| |0| i|spa d
040 ## - FUENTE DE CATALOGACIÓN
Centro catalogador/agencia de origen M-RABA
Lengua de catalogación spa
Centro/agencia transcriptor M-RABA
245 01 - MENCIÓN DEL TÍTULO
Título [Catedral de Tarragona
Resto del título : vista del claustro]
Medio [Material gráfico]
260 ## - PUBLICACIÓN, DISTRIBUCIÓN, ETC.
Fecha de publicación, distribución, etc. [ca. 1900]
300 ## - DESCRIPCIÓN FÍSICA
Extensión 1 fotografía
Otras características físicas : albúmina
Dimensiones ; imagen 23 x 17,5 cm
-- ; soporte secundario 33 x 25 cm
500 00 - NOTA GENERAL
Nota general Fotografía de vista de uno de los arcos de la fachada del claustro de la Catedral de Tarragona, en Cataluña.
500 00 - NOTA GENERAL
Nota general Anotaciones manuscritas al verso a lápiz: "Cataluña: Tarragona, Claustro de la Catedral, transición"
610 27 - PUNTO DE ACCESO ADICIONAL DE MATERIA--NOMBRE DE ENTIDAD CORPORATIVA
Nombre de entidad corporativa o nombre de jurisdicción como elemento de entrada Catedral de Tarragona
9 (RLIN) 50653
651 #7 - PUNTO DE ACCESO ADICIONAL DE MATERIA--NOMBRE GEOGRÁFICO
Nombre geográfico Tarragona
Fuente del encabezamiento o término embne
9 (RLIN) 75568
655 #0 - TERMINO DE INDIZACIÓN--GENERO/FORMA
Datos o término principal de género/forma Fotografías de monumentos
9 (RLIN) 111580
852 ## - LOCALIZACIÓN
Número de control de estantería Fot-640
856 ## - LOCALIZACIÓN Y ACCESO ELECTRÓNICOS
Identificador Uniforme de Recurso <a href="https://archivoybiblioteca.realacademiabellasartessanfernando.com/cgi-bin/koha/opac-retrieve-file.pl?id=899f775ec76c68ae0580e8554afe061e">https://archivoybiblioteca.realacademiabellasartessanfernando.com/cgi-bin/koha/opac-retrieve-file.pl?id=899f775ec76c68ae0580e8554afe061e</a>
Texto de enlace Fot-640
942 ## - ELEMENTOS DE ENTRADA SECUNDARIOS (KOHA)
Tipo de ítem Koha Fotografías
Suprimir en OPAC No
Holdings
Estatus retirado Estado de pérdida Fuente de la clasificación o esquema de estantería Estado de daño No para préstamo Colección Biblioteca de origen Biblioteca actual Ubicación en estantería Fecha de adquisición Total de préstamos Signatura topográfica completa Código de barras Visto por última vez Precio de reemplazo Tipo de ítem Koha
    Clasificación Decimal Dewey     Fotografía Real Academia de la Bellas Artes de San Fernando Real Academia de la Bellas Artes de San Fernando Depósito 2 14/04/2026   Fot-640 1096906 14/04/2026 14/04/2026 Fotografías

Powered by Koha